000 02490cam a2200589 i 4500
001 55921
003 KOSZ 005
005 20260603114205.0
008 260529s2008 pl a f 000 0 pol
015 _aUWD 2009/9989
020 _a9788389693723
035 _a991047548509705066
035 _a(PL-WaBN)b23149620-48omnis_nlop
035 _ab23149620
035 _a(OCoLC)836522662
035 _axx001243036
035 _a(PL)b0000002314962
035 _a(EXLNZ-48OMNIS_NETWORK)9910523130705606
040 _aWA N
_cWA N
_dKOSZ 005/RW
041 0 _apol
_beng
046 _k2008
080 _81.1\x
_a711.2(438)
080 _81.2\x
_a378(438)
245 0 0 _aRola wyższych uczelni w rozwoju społeczno-gospodarczym i przestrzennym miast =
_b(The role of universities in socio-economic and spatial development of towns) /
_cpod redakcją Tadeusza Markowskiego i Dominika Drzazgi ; Polska Akademia Nauk. Komitet Przestrzennego Zagospodarowania Kraju.
246 3 1 _aRole of universities in socio-economic and spatial development of towns
250 _aWydanie I.
260 _aWarszawa :
_bPolska Akademia Nauk. Komitet Przestrzennego Zagospodarowania Kraju,
_c2008.
300 _a387, [2] stron :
_bilustracje ;
_c24 cm.
336 _aTekst
_btxt
_2rdacontent
337 _aBez urządzenia pośredniczącego
_bn
_2rdamedia
338 _aWolumin
_bnc
_2rdacarrier
380 _aKsiążki
380 _aPublikacje naukowe
388 1 _a2001-
490 1 _aStudia / Polska Akademia Nauk. Komitet Przestrzennego Zagospodarowania Kraju,
_x0079-3507 ;
_v121
504 _aBibliografia przy referatach.
546 _aStreszczenie w języku angielskim przy referatach.
650 7 _aPlanowanie przestrzenne
_2DBN
650 7 _aPlanowanie regionalne
_2DBN
650 7 _aSzkolnictwo wyższe
_2DBN
650 7 _aUrbanistyka
_2DBN
651 7 _aPolska
_2DBN
655 7 _aPraca zbiorowa
658 _aArchitektura i budownictwo
700 1 _aDrzazga, Dominik
_eRedakcja
700 1 _aMarkowski, Tadeusz
_d(1949- )
_eRedakcja
710 2 _aKomitet Przestrzennego Zagospodarowania Kraju (Polska Akademia Nauk)
_4pbl
830 0 _aStudia - Polska Akademia Nauk. Komitet Przestrzennego Zagospodarowania Kraju
_vt. 121
856 _uhttps://koha.tu.koszalin.pl/cgi-bin/koha/opac-detail.pl?biblionumber=55921
_yKatalog online BPK
942 _2UKD
_cKS
999 _c55921
_d55921